| 000 | 00340nam a22001337a 4500 | ||
|---|---|---|---|
| 008 | 230620b xxu||||| |||| 00| 0 eng d | ||
| 020 | _a0691000174 | ||
| 082 |
_a320.95 _bWAR |
||
| 100 | _cRobert E. Ward | ||
| 245 | _aPolitical Development In Modern Japan | ||
| 260 |
_bPrinceton University press _c1968 |
||
| 300 | _a637p | ||
| 942 |
_2ddc _cBK |
||
| 999 |
_c1686 _d1686 |
||